Genetic improvement (Record no. 53022)

MARC details
000 -LEADER
fixed length control field 00462nam a2200133Ia 4500
100 ## - MAIN ENTRY--AUTHOR NAME
Personal name Varghese Y.A.
245 #0 - TITLE STATEMENT
Title Genetic improvement
260 ## - PUBLICATION, DISTRIBUTION, ETC. (IMPRINT)
Name of publisher In: Natural rubber: Agromanagement and crop processing. (Eds. P.J. George and C. Kuruvilla Jacob). Rubber Research Institute of India, Kottayam, India, pp. 36-46
Year of publication 2000
650 ## - SUBJECT ADDED ENTRY--TOPICAL TERM
Topical Term Breeding
650 ## - SUBJECT ADDED ENTRY--TOPICAL TERM
Topical Term Crop improvement
700 ## - ADDED ENTRY--PERSONAL NAME
Personal name Mydin K.K.
942 ## - ADDED ENTRY ELEMENTS (KOHA)
Koha item type Bibliography STAF
Holdings
Withdrawn status Lost status Damaged status Not for loan Home library Current library Date acquired Koha item type
      Bibliography RRII Library RRII Library 09/04/2014 Bibliography STAF